000 01233cam a2200337 i 4500
999 _c26896
_d26896
001 4171736
003 ARRUPE
005 20170727122807.0
008 790323m19799999nju b 000 0 eng
010 _a 79012173
020 _a0391009346 (v. 1)
020 _a0391010174 (pbk. : v. 1)
040 _aDLC
_cDLC
_dDLC
050 0 0 _aB809.8
_b.I774 1979
082 0 0 _a146/.3
245 0 0 _aIssues in Marxist philosophy /
_cedited by John Mepham and David-Hillel Ruben.
260 _aAtlantic Highlands, N.J. :
_bHumanities Press,
_c1979-
300 _av. <3 > ;
_c23 cm.
440 0 _a[Marxist theory and contemporary capitalism ;
_vno. 20]
_933732
504 _aIncludes bibliographical references.
505 1 _a--v. 3. Epistomology, science, ideology.
600 1 0 _aMarx, Karl,
_d1818-1883.
_933733
650 0 _aPhilosophy, Marxist.
_933681
650 0 _aDialectical materialism.
_918201
650 0 _aHistorical materialism.
_933734
700 1 _aMepham, John,
_d1938-
_933735
700 1 _aRuben, David-Hillel.
_933736
906 _a7
_bcbc
_corignew
_d1
_eocip
_f19
_gy-gencatlg
942 _2lcc
_cMONOGRAPH